<?xml version="1.0" encoding="UTF-8"?>
<record
    xmlns:xsi="http://www.w3.org/2001/XMLSchema-instance"
    xsi:schemaLocation="http://www.loc.gov/MARC21/slim http://www.loc.gov/standards/marcxml/schema/MARC21slim.xsd"
    xmlns="http://www.loc.gov/MARC21/slim">

  <leader>01788nam a2200337 a 4500</leader>
  <controlfield tag="001">000043320</controlfield>
  <controlfield tag="003">OSt</controlfield>
  <controlfield tag="005">20211111112209.0</controlfield>
  <controlfield tag="008">140307s2015    dr      r     000 0 spa d</controlfield>
  <datafield tag="020" ind1=" " ind2=" ">
    <subfield code="a">9789945167153</subfield>
  </datafield>
  <datafield tag="040" ind1=" " ind2=" ">
    <subfield code="a">DO-SdBNP</subfield>
    <subfield code="b">spa</subfield>
    <subfield code="c">BNPHU</subfield>
  </datafield>
  <datafield tag="082" ind1=" " ind2="4">
    <subfield code="a">460.7</subfield>
    <subfield code="b">A475m 2015</subfield>
    <subfield code="2">22</subfield>
  </datafield>
  <datafield tag="100" ind1="1" ind2=" ">
    <subfield code="a">Alvino Romero, Sonia </subfield>
    <subfield code="9">520</subfield>
  </datafield>
  <datafield tag="245" ind1="1" ind2="0">
    <subfield code="a">Manual pr&#xE1;ctico de redacci&#xF3;n general /</subfield>
    <subfield code="c">Sonia Alvino Romero ; pr&#xF3;logo Nan Chevalier.</subfield>
  </datafield>
  <datafield tag="250" ind1=" " ind2=" ">
    <subfield code="a">7a ed. corr.</subfield>
  </datafield>
  <datafield tag="260" ind1=" " ind2=" ">
    <subfield code="a">Santo Domingo :</subfield>
    <subfield code="b">B&#xFA;ho,</subfield>
    <subfield code="c">2015.</subfield>
  </datafield>
  <datafield tag="300" ind1=" " ind2=" ">
    <subfield code="a">207 p. :</subfield>
    <subfield code="b">il. ;</subfield>
    <subfield code="c">28 cm.</subfield>
  </datafield>
  <datafield tag="500" ind1=" " ind2=" ">
    <subfield code="a">La biblioteca posee la tercera reimpresi&#xF3;n de febrero del 2018.</subfield>
  </datafield>
  <datafield tag="504" ind1=" " ind2=" ">
    <subfield code="a">Bibliograf&#xED;a : p. 205-207</subfield>
  </datafield>
  <datafield tag="505" ind1="0" ind2=" ">
    <subfield code="t">Pr&#xF3;logo --</subfield>
    <subfield code="t">Introducci&#xF3;n --</subfield>
    <subfield code="g">Primera unidad.</subfield>
    <subfield code="t">La comunicaci&#xF3;n: importancia para el ser humano --</subfield>
    <subfield code="t">La lectura --</subfield>
    <subfield code="t">La expresi&#xF3;n com&#xFA;n y la expresi&#xF3;n literaria --</subfield>
    <subfield code="t">&#xBF;Qu&#xE9; es redactar? --</subfield>
    <subfield code="t">El estilo --</subfield>
    <subfield code="t">El p&#xE1;rrafo --</subfield>
    <subfield code="t">El resumen y la s&#xED;ntesis --</subfield>
    <subfield code="t">La acentuaci&#xF3;n --</subfield>
    <subfield code="t">Las letras may&#xFA;sculas --</subfield>
    <subfield code="t">Los signos de puntuaci&#xF3;n --</subfield>
    <subfield code="t">Dudas ling&#xFC;&#xED;sticas --</subfield>
    <subfield code="g">Segunda unidad.</subfield>
    <subfield code="t">Distintas formas de expresi&#xF3;n --</subfield>
    <subfield code="g">Tercera unidad.</subfield>
    <subfield code="t">Preliminares --</subfield>
    <subfield code="t">Redacci&#xF3;n de textos discursivos e informativos --</subfield>
    <subfield code="t">La redacci&#xF3;n period&#xED;stica --</subfield>
    <subfield code="t">La redacci&#xF3;n de textos publicitarios --</subfield>
    <subfield code="t">Ap&#xE9;ndice --</subfield>
    <subfield code="t">Bibliograf&#xED;a.</subfield>
  </datafield>
  <datafield tag="590" ind1=" " ind2=" ">
    <subfield code="a">Inventariado, 2020/ YL</subfield>
  </datafield>
  <datafield tag="650" ind1=" " ind2="4">
    <subfield code="a">Espa&#xF1;ol</subfield>
    <subfield code="x">Ense&#xF1;anza</subfield>
    <subfield code="9">406</subfield>
  </datafield>
  <datafield tag="650" ind1=" " ind2="4">
    <subfield code="a">Redacci&#xF3;n</subfield>
    <subfield code="x">Ejercicios de redacci&#xF3;n</subfield>
    <subfield code="9">1227</subfield>
  </datafield>
  <datafield tag="650" ind1=" " ind2="4">
    <subfield code="a">Espa&#xF1;ol</subfield>
    <subfield code="x">Ortograf&#xED;a</subfield>
    <subfield code="x">Ense&#xF1;anza</subfield>
    <subfield code="9">1228</subfield>
  </datafield>
  <datafield tag="650" ind1=" " ind2="4">
    <subfield code="a">Espa&#xF1;ol</subfield>
    <subfield code="x">Escritura</subfield>
    <subfield code="x">Libros de texto</subfield>
    <subfield code="9">1229</subfield>
  </datafield>
  <datafield tag="650" ind1=" " ind2=" ">
    <subfield code="a">Preparaci&#xF3;n de manuscritos (arte de escribir)</subfield>
    <subfield code="9">1230</subfield>
  </datafield>
  <datafield tag="650" ind1=" " ind2="4">
    <subfield code="a">Periodismo</subfield>
    <subfield code="x">Arte de escribir</subfield>
    <subfield code="9">27</subfield>
  </datafield>
  <datafield tag="700" ind1="1" ind2="2">
    <subfield code="a">Chevalier, Nan,</subfield>
    <subfield code="d">1965-</subfield>
    <subfield code="e">pr&#xF3;logo </subfield>
    <subfield code="9">350</subfield>
  </datafield>
  <datafield tag="910" ind1=" " ind2=" ">
    <subfield code="a">VMateo Validado. Control de calidad. MFF</subfield>
  </datafield>
  <datafield tag="942" ind1=" " ind2=" ">
    <subfield code="2">ddc</subfield>
    <subfield code="c">LBS1</subfield>
  </datafield>
  <datafield tag="952" ind1=" " ind2=" ">
    <subfield code="0">0</subfield>
    <subfield code="1">0</subfield>
    <subfield code="2">ddc</subfield>
    <subfield code="5">1</subfield>
    <subfield code="7">1</subfield>
    <subfield code="8">PD</subfield>
    <subfield code="a">BNPHU</subfield>
    <subfield code="b">PD</subfield>
    <subfield code="c">HD</subfield>
    <subfield code="d">2020-07-29</subfield>
    <subfield code="e">Editora B&#xFA;ho</subfield>
    <subfield code="l">0</subfield>
    <subfield code="o">BNPHU PD 460.7 A475m 2015</subfield>
    <subfield code="p">2020-0314</subfield>
    <subfield code="r">2020-11-02</subfield>
    <subfield code="w">2020-11-02</subfield>
    <subfield code="y">LFPD</subfield>
    <subfield code="z">Validado, 2021/MFF</subfield>
  </datafield>
  <datafield tag="952" ind1=" " ind2=" ">
    <subfield code="0">0</subfield>
    <subfield code="1">0</subfield>
    <subfield code="2">ddc</subfield>
    <subfield code="5">1</subfield>
    <subfield code="7">2</subfield>
    <subfield code="8">PD</subfield>
    <subfield code="a">BNPHU</subfield>
    <subfield code="b">PD</subfield>
    <subfield code="c">HD</subfield>
    <subfield code="d">2020-07-29</subfield>
    <subfield code="e">Editora B&#xFA;ho</subfield>
    <subfield code="l">0</subfield>
    <subfield code="o">BNPHU PD 460.7 A475m 2015</subfield>
    <subfield code="p">2020-0315</subfield>
    <subfield code="r">2020-11-02</subfield>
    <subfield code="t">e. 2</subfield>
    <subfield code="w">2020-11-02</subfield>
    <subfield code="y">LFPD</subfield>
    <subfield code="z">Validado, 2021/MFF</subfield>
  </datafield>
  <datafield tag="952" ind1=" " ind2=" ">
    <subfield code="0">0</subfield>
    <subfield code="1">0</subfield>
    <subfield code="2">ddc</subfield>
    <subfield code="5">6</subfield>
    <subfield code="7">0</subfield>
    <subfield code="8">DS</subfield>
    <subfield code="a">BNPHU</subfield>
    <subfield code="b">GR</subfield>
    <subfield code="c">HD</subfield>
    <subfield code="d">2020-07-29</subfield>
    <subfield code="e">Editora B&#xFA;ho</subfield>
    <subfield code="l">0</subfield>
    <subfield code="o">BNPHU DS 460.7 A475m 2015</subfield>
    <subfield code="p">2021-0012</subfield>
    <subfield code="r">2021-01-06</subfield>
    <subfield code="t">e. 3</subfield>
    <subfield code="w">2020-11-02</subfield>
    <subfield code="y">LFDS</subfield>
    <subfield code="z">Validado, 2021/MFF</subfield>
  </datafield>
  <datafield tag="952" ind1=" " ind2=" ">
    <subfield code="0">0</subfield>
    <subfield code="1">0</subfield>
    <subfield code="2">ddc</subfield>
    <subfield code="5">6</subfield>
    <subfield code="7">0</subfield>
    <subfield code="8">DS</subfield>
    <subfield code="a">BNPHU</subfield>
    <subfield code="b">GR</subfield>
    <subfield code="c">HD</subfield>
    <subfield code="d">2021-04-07</subfield>
    <subfield code="e">Deposito Legal </subfield>
    <subfield code="l">0</subfield>
    <subfield code="o">BNPHU DS 460.7 A475m 2015</subfield>
    <subfield code="p">2021-1316</subfield>
    <subfield code="r">2021-04-07</subfield>
    <subfield code="t">e.4</subfield>
    <subfield code="w">2021-04-07</subfield>
    <subfield code="y">LFDS</subfield>
    <subfield code="z">Validado, 2021/MFF</subfield>
  </datafield>
  <datafield tag="952" ind1=" " ind2=" ">
    <subfield code="0">0</subfield>
    <subfield code="1">0</subfield>
    <subfield code="2">ddc</subfield>
    <subfield code="5">6</subfield>
    <subfield code="7">0</subfield>
    <subfield code="8">DS</subfield>
    <subfield code="a">BNPHU</subfield>
    <subfield code="b">GR</subfield>
    <subfield code="c">HD</subfield>
    <subfield code="d">2021-04-07</subfield>
    <subfield code="e">Deposito Legal </subfield>
    <subfield code="l">0</subfield>
    <subfield code="o">BNPHU DS 460.7 A475m 2015</subfield>
    <subfield code="p">2021-1317</subfield>
    <subfield code="r">2021-04-07</subfield>
    <subfield code="t">e.5</subfield>
    <subfield code="w">2021-04-07</subfield>
    <subfield code="y">LFDS</subfield>
    <subfield code="z">Validado, 2021/MFF</subfield>
  </datafield>
  <datafield tag="999" ind1=" " ind2=" ">
    <subfield code="c">49010</subfield>
    <subfield code="d">49010</subfield>
  </datafield>
</record>
